[Event "SuperUnited Rapid 2022"]
[Site "Zagreb CRO"]
[Date "2022.07.21"]
[Round "5.2"]
[White "Mamedyarov, Shakhriyar"]
[Black "Carlsen, Magnus"]
[Result "1-0"]
[WhiteTitle "GM"]
[BlackTitle "GM"]
[WhiteElo "2759"]
[BlackElo "2864"]
[WhiteFideId "13401319"]
[BlackFideId "1503014"]
[EventDate "2022.07.20"]

1. d4 Nf6 2. c4 g6 3. Nc3 d5 4. Nf3 Bg7 5. e3 O-O 6. cxd5 Nxd5 7. Bc4 Nb6 8. Bb3
c5 9. O-O cxd4 10. exd4 Nc6 11. d5 Na5 12. h3 Nxb3 13. axb3 e6 14. d6 Bd7 15.
Bf4 Bc6 16. Ne5 Bxe5 17. Bxe5 f6 18. Bg3 Qd7 19. Qd3 Rad8 20. Rad1 Qf7 21. b4 a6
22. Qd4 Na4 23. Nxa4 Bxa4 24. Rd2 e5 25. Qb6 g5 26. Rc1 Bc6 27. f3 Qe6 28. Rxc6
bxc6 29. Qxc6 Rb8 30. Bf2 Rxb4 31. Qxa6 Rd8 32. Qa5 Rbb8 33. Bc5 Qc4 34. d7 Ra8
35. Qc3 Qf7 36. Qd3 Rab8 37. Qa6 Rxd7 38. Rxd7 Qxd7 39. Qxf6 Re8 40. Qxg5+ Qg7
41. Qe3 e4 42. b4 Qg6 43. f4 Rd8 44. Qe2 Rd3 45. Qa2+ Kg7 46. Qa7+ Kg8 47. Qa8+
Kf7 48. g4 1-0

[Event "SuperUnited Rapid 2022"]
[Site "Zagreb CRO"]
[Date "2022.07.21"]
[Round "5.3"]
[White "Dominguez Perez, Leinier"]
[Black "Topalov, Veselin"]
[Result "1/2-1/2"]
[WhiteTitle "GM"]
[BlackTitle "GM"]
[WhiteElo "2754"]
[BlackElo "2728"]
[WhiteFideId "3503240"]
[BlackFideId "2900084"]
[EventDate "2022.07.20"]

1. e4 c5 2. Nf3 d6 3. d4 cxd4 4. Nxd4 Nf6 5. Nc3 a6 6. Be3 e6 7. a3 b5 8. g4 Bb7
9. Bg2 Nfd7 10. h4 Be7 11. g5 Nc5 12. f4 Nbd7 13. Qe2 g6 14. O-O-O Qc7 15. Rh3
Nb6 16. h5 O-O-O 17. f5 e5 18. f6 exd4 19. fxe7 Qxe7 20. Bxd4 Qxg5+ 21. Kb1 Rhf8
22. hxg6 hxg6 23. Qf2 Nbd7 24. Nd5 Bxd5 25. exd5 Kb7 26. Rh7 Rc8 27. Bh3 Rc7 28.
Rxf7 Qh5 29. Rh1 Rxf7 30. Qxf7 Ne5 31. Qf8 Ne4 32. Bg2 Qe2 33. Rh8 Qxc2+ 34. Ka1
Qc1+ 35. Ka2 Qc4+ 36. Ka1 1/2-1/2

[Event "SuperUnited Rapid 2022"]
[Site "Zagreb CRO"]
[Date "2022.07.21"]
[Round "5.4"]
[White "So, Wesley"]
[Black "Nepomniachtchi, Ian"]
[Result "1/2-1/2"]
[WhiteTitle "GM"]
[BlackTitle "GM"]
[WhiteElo "2773"]
[BlackElo "2766"]
[WhiteFideId "5202213"]
[BlackFideId "4168119"]
[EventDate "2022.07.20"]

1. d4 Nf6 2. c4 e6 3. g3 d5 4. Bg2 dxc4 5. Nf3 c5 6. O-O Nc6 7. dxc5 Qxd1 8.
Rxd1 Bxc5 9. Nbd2 c3 10. bxc3 O-O 11. Nb3 Be7 12. c4 Bd7 13. Bb2 Rfc8 14. Ne5
Nxe5 15. Bxe5 Bc6 16. Rac1 Kf8 17. Bxc6 Rxc6 18. Na5 Rc5 19. Bxf6 Rxa5 20. Bc3
Rxa2 21. Rd7 Rxe2 22. Rxb7 Bc5 23. Bb4 Bxb4 24. Rxb4 Rd2 25. Rb7 Rd6 26. c5 Rc6
27. Rc3 Rac8 28. Rxa7 Rxc5 29. Rxc5 Rxc5 30. h4 g5 31. hxg5 Rxg5 32. Kg2 Kg7 33.
Kh3 Rf5 34. f4 Rb5 35. Ra8 Rb7 36. Re8 Rb6 37. Kg4 f6 38. Kh4 Kf7 39. Rh8 Kg6
40. Kg4 Rb7 41. Rg8+ Rg7 42. Rh8 Re7 43. Rg8+ Kf7 44. Ra8 Rd7 45. Rh8 Kg7 46.
Re8 Rd6 47. Ra8 Rd5 48. Re8 Rd6 49. Ra8 Rd1 50. Re8 Kf7 51. Rh8 Rh1 52. Kf3 Rh2
53. Ra8 h5 54. Ra7+ Kg6 55. Re7 Kf5 56. Rh7 Kg6 57. Re7 h4 58. Rxe6 Rh3 59. Kg4
Rxg3+ 60. Kxh4 Rg1 61. Kh3 Kf5 62. Ra6 Rg6 63. Ra4 Rg8 64. Rb4 Re8 65. Kg3 Re3+
66. Kf2 Re4 67. Rxe4 Kxe4 68. f5 Kf4 69. Ke2 Kxf5 70. Kf3 Ke5 71. Ke3 f5 72. Kf3
f4 73. Kf2 Ke4 74. Ke2 f3+ 75. Kf2 Kf4 76. Kf1 Kg3 77. Kg1 f2+ 78. Kf1 Kf3 1/2-1/2

[Event "SuperUnited Rapid 2022"]
[Site "Zagreb CRO"]
[Date "2022.07.21"]
[Round "6.1"]
[White "Vachier-Lagrave, Maxime"]
[Black "Saric, Ivan"]
[Result "1/2-1/2"]
[WhiteTitle "GM"]
[BlackTitle "GM"]
[WhiteElo "2760"]
[BlackElo "2680"]
[WhiteFideId "623539"]
[BlackFideId "14508150"]
[EventDate "2022.07.20"]

1. e4 c5 2. Nf3 d6 3. Bb5+ Bd7 4. Bxd7+ Qxd7 5. O-O Nc6 6. c3 d5 7. exd5 Qxd5 8.
d4 e6 9. Be3 cxd4 10. cxd4 Nf6 11. Nc3 Qa5 12. Qb3 Qb4 13. Qc2 Be7 14. Rad1 O-O
15. d5 Nxd5 16. Nxd5 exd5 17. Rxd5 Rad8 18. a3 Qg4 19. Rb5 Qd7 20. Rc1 Bf6 21.
Rc5 Rfe8 22. h3 h6 23. b4 a6 24. Qb3 Qd3 25. Qxd3 Rxd3 26. b5 axb5 27. Rxb5 Rxa3
28. Rxb7 Ra1 29. Rxa1 Bxa1 30. g4 Ne5 31. Nxe5 Bxe5 32. Kg2 Bf6 33. Kg1 Bg5 34.
Bxg5 hxg5 35. Kg2 Rd8 36. Rb5 f6 37. Rb7 Re8 38. Rb5 Rd8 39. Rb7 Re8 40. Rb5 Rd8 1/2-1/2

[Event "SuperUnited Rapid 2022"]
[Site "Zagreb CRO"]
[Date "2022.07.21"]
[Round "6.2"]
[White "Nepomniachtchi, Ian"]
[Black "Van Foreest, Jorden"]
[Result "0-1"]
[WhiteTitle "GM"]
[BlackTitle "GM"]
[WhiteElo "2766"]
[BlackElo "2678"]
[WhiteFideId "4168119"]
[BlackFideId "1039784"]
[EventDate "2022.07.20"]

1. e4 e5 2. Nf3 Nc6 3. Bc4 Nf6 4. d3 Bc5 5. O-O O-O 6. c3 d5 7. exd5 Nxd5 8. Re1
Be6 9. a4 Bb6 10. Na3 h6 11. Bb3 Re8 12. Nc4 Nf6 13. Be3 Bxe3 14. Rxe3 Nd5 15.
Re1 Nf4 16. Re3 Qf6 17. Nfd2 Rad8 18. Bc2 Bd5 19. Rg3 Ne7 20. Ne3 Nf5 21. Nxf5
Qxf5 22. c4 Bxg2 23. Rxg2 Nxg2 24. Kxg2 e4 25. Bb1 exd3 26. h3 Qg5+ 27. Kf1 Re2
28. Nf3 Qc5 0-1

[Event "SuperUnited Rapid 2022"]
[Site "Zagreb CRO"]
[Date "2022.07.21"]
[Round "6.3"]
[White "Topalov, Veselin"]
[Black "So, Wesley"]
[Result "1/2-1/2"]
[WhiteTitle "GM"]
[BlackTitle "GM"]
[WhiteElo "2728"]
[BlackElo "2773"]
[WhiteFideId "2900084"]
[BlackFideId "5202213"]
[EventDate "2022.07.20"]

1. c4 e5 2. d3 Nf6 3. Nf3 Nc6 4. a3 g6 5. b4 Bg7 6. Bb2 d6 7. e3 O-O 8. Be2 h6
9. O-O Nh7 10. Nc3 g5 11. b5 Ne7 12. d4 g4 13. Ne1 f5 14. dxe5 dxe5 15. a4 Be6
16. e4 Ng5 17. Ba3 Rf7 18. Bxe7 Rxe7 19. exf5 Qxd1 20. Rxd1 Bxf5 21. Nd5 Rf7 22.
Ne3 h5 23. Nxf5 Rxf5 24. Nc2 Bf8 25. Ne3 Rf6 26. Nd5 Rf7 27. h4 Ne6 28. Nc3 Bc5
29. Ne4 Bd4 30. g3 a6 31. c5 axb5 32. Bxb5 Kg7 33. c6 b6 34. Bc4 Re7 35. Bb5 Rf7
36. Bc4 Re7 37. Bb5 Rf7 1/2-1/2

[Event "SuperUnited Rapid 2022"]
[Site "Zagreb CRO"]
[Date "2022.07.21"]
[Round "6.4"]
[White "Carlsen, Magnus"]
[Black "Dominguez Perez, Leinier"]
[Result "1/2-1/2"]
[WhiteTitle "GM"]
[BlackTitle "GM"]
[WhiteElo "2864"]
[BlackElo "2754"]
[WhiteFideId "1503014"]
[BlackFideId "3503240"]
[EventDate "2022.07.20"]

1. g3 c5 2. Bg2 Nc6 3. c4 g6 4. Nc3 Bg7 5. b3 Nf6 6. Bb2 O-O 7. Nh3 d5 8. cxd5
Nxd5 9. Bxd5 Bxh3 10. Bxc6 bxc6 11. Na4 Qd5 12. Rg1 Bd4 13. Rc1 Bg4 14. Bxd4
cxd4 15. d3 c5 16. f3 Bd7 17. Nxc5 Rfc8 18. Nxd7 Qxd7 19. Rc4 e5 20. Kf2 Qh3 21.
Rh1 a5 22. Qd2 a4 23. Rxa4 Rxa4 24. bxa4 Ra8 25. a5 Kg7 26. Qb4 h5 27. Qb5 Qe6
28. Rc1 h4 29. Rc6 Qf5 30. f4 Qh3 31. Qxe5+ Kh7 32. Ke1 Qxh2 33. Rc7 Qxg3+ 34.
Kd2 Kg8 35. Qxd4 h3 36. Qe4 Rf8 37. a6 h2 38. a7 h1=Q 39. Qxh1 Qxf4+ 40. Kd1
Qa4+ 41. Ke1 Qa5+ 42. Kf1 Qxc7 43. a8=Q Qc1+ 44. Kf2 Qc5+ 45. e3 Qc2+ 46. Kg3
Qc7+ 47. Kf2 Qc2+ 48. Kg1 Qc1+ 49. Kh2 Qc7+ 50. Kh3 Qd7+ 51. Kg3 Qc7+ 1/2-1/2

[Event "SuperUnited Rapid 2022"]
[Site "Zagreb CRO"]
[Date "2022.07.21"]
[Round "6.5"]
[White "Firouzja, Alireza"]
[Black "Mamedyarov, Shakhriyar"]
[Result "1-0"]
[WhiteTitle "GM"]
[BlackTitle "GM"]
[WhiteElo "2793"]
[BlackElo "2759"]
[WhiteFideId "12573981"]
[BlackFideId "13401319"]
[EventDate "2022.07.20"]

1. c4 e5 2. g3 Be7 3. Bg2 f5 4. b3 Nf6 5. Bb2 d6 6. e3 O-O 7. Ne2 c6 8. O-O Be6
9. Nbc3 Nbd7 10. d3 Qe8 11. Qd2 Kh8 12. b4 Bg8 13. b5 Rc8 14. Rab1 d5 15. bxc6
bxc6 16. cxd5 cxd5 17. f4 e4 18. Nd4 Qh5 19. Na4 Ng4 20. h3 Ngf6 21. Rbc1 Qg6
22. Kh2 exd3 23. Qxd3 Ne4 24. Bxe4 fxe4 25. Qb5 Rxc1 26. Rxc1 Ne5 27. Qe2 Nc4
28. Ba1 Qa6 29. Nc3 Bf6 30. Nd1 Rb8 31. Nf2 Qa3 32. Re1 Rb6 33. Ng4 Be7 34. Nf5
Bf8 35. Bd4 Ra6 36. Rb1 Qd3 37. Qxd3 exd3 38. Rb8 Rxa2+ 39. Kh1 Nd6 40. Nxg7 Nb5
41. Bf6 h5 42. Nf5+ Kh7 43. Rb7+ Bf7 44. Rxf7+ Kg6 45. Rxf8 Kxf5 46. Nh2 d2 47.
Bc3+ Ke4 48. Bxd2 Rxd2 49. Re8+ Kd3 50. Nf3 Rd1+ 51. Kg2 Nd6 52. Rd8 Nc4 53.
Rxd5+ Ke4 54. Rxd1 Nxe3+ 55. Kf2 Nxd1+ 56. Ke1 Ne3 57. Nd2+ Kd3 58. Nb3 h4 59.
gxh4 Ng2+ 60. Kf2 Nxh4 61. Kg3 Nf5+ 62. Kg4 Nd4 63. Nxd4 Kxd4 64. f5 Ke5 65. Kg5
a5 66. f6 Ke6 67. Kg6 a4 68. f7 1-0

[Event "SuperUnited Rapid 2022"]
[Site "Zagreb CRO"]
[Date "2022.07.22"]
[Round "7.1"]
[White "Mamedyarov, Shakhriyar"]
[Black "Vachier-Lagrave, Maxime"]
[Result "0-1"]
[WhiteTitle "GM"]
[BlackTitle "GM"]
[WhiteElo "2759"]
[BlackElo "2760"]
[WhiteFideId "13401319"]
[BlackFideId "623539"]
[EventDate "2022.07.20"]

1. Nf3 c5 2. c4 Nc6 3. d4 cxd4 4. Nxd4 Nf6 5. g3 e5 6. Nb5 Bb4+ 7. N1c3 d6 8. a3
Bxc3+ 9. Nxc3 Be6 10. Bg5 Bxc4 11. Bxf6 gxf6 12. Bg2 f5 13. O-O O-O 14. Qd2 Qf6
15. Rac1 Rac8 16. Nd5 Bxd5 17. Bxd5 e4 18. Rfd1 Kg7 19. b4 Ne7 20. Bxb7 Rxc1 21.
Qxc1 d5 22. Bxd5 Rc8 23. Qe3 Rd8 24. Bb3 Rxd1+ 25. Bxd1 Qa1 26. Qb3 Nc6 27. Qc2
Ne5 28. a4 e3 29. f3 f4 30. Kg2 Ng6 31. b5 h5 32. Qd3 h4 33. g4 h3+ 34. Kf1 Nf8
35. a5 Qxa5 36. Qd4+ Kg8 37. Qxf4 Qd2 38. Qa4 Qd6 39. Kg1 Ne6 40. Qc2 Qd8 41.
Kf1 Qh4 0-1

[Event "SuperUnited Rapid 2022"]
[Site "Zagreb CRO"]
[Date "2022.07.22"]
[Round "7.2"]
[White "Dominguez Perez, Leinier"]
[Black "Firouzja, Alireza"]
[Result "1/2-1/2"]
[WhiteTitle "GM"]
[BlackTitle "GM"]
[WhiteElo "2754"]
[BlackElo "2793"]
[WhiteFideId "3503240"]
[BlackFideId "12573981"]
[EventDate "2022.07.20"]

1. e4 e5 2. Nf3 Nc6 3. Bc4 Nf6 4. d3 Bc5 5. O-O d6 6. c3 O-O 7. Re1 a5 8. h3 Ba7
9. Na3 Ne7 10. d4 Ng6 11. Be3 Bd7 12. Bd3 c6 13. Nc4 exd4 14. cxd4 d5 15. exd5
Nxd5 16. Bd2 Bb8 17. Nce5 Bxe5 18. dxe5 Ndf4 19. Bc2 Be6 20. Re4 Nd5 21. Nd4 c5
22. Nxe6 fxe6 23. Qg4 Qb6 24. Rae1 Nge7 25. Bg5 Nf5 26. b3 Rf7 27. Qh5 Raf8 28.
Rg4 g6 29. Bc1 c4 30. Rf1 cxb3 31. Bxb3 Qc5 32. Qg5 Ng7 33. Rc4 Qa7 34. Rc2 b5
35. Qg4 Rf5 36. Bxd5 exd5 37. Be3 Qf7 38. Qd4 Qe6 39. f4 R5f7 40. Rc5 Nf5 41.
Qd3 g5 42. Bd2 Ne7 43. f5 Rxf5 44. Rxf5 Qxf5 45. Qxf5 Rxf5 46. Rxb5 Rxe5 47.
Rxa5 h6 48. Kf1 Nf5 49. Ra3 Re4 50. Rd3 Ra4 51. a3 Nd4 52. Bb4 Nc6 53. Rxd5 Nxb4
54. axb4 1/2-1/2

[Event "SuperUnited Rapid 2022"]
[Site "Zagreb CRO"]
[Date "2022.07.22"]
[Round "7.3"]
[White "So, Wesley"]
[Black "Carlsen, Magnus"]
[Result "1/2-1/2"]
[WhiteTitle "GM"]
[BlackTitle "GM"]
[WhiteElo "2773"]
[BlackElo "2864"]
[WhiteFideId "5202213"]
[BlackFideId "1503014"]
[EventDate "2022.07.20"]

1. d4 d5 2. c4 c6 3. Nc3 Nf6 4. cxd5 cxd5 5. Bf4 Nc6 6. Nf3 Nh5 7. Bd2 Nf6 8.
Bf4 Nh5 9. Bd2 e6 10. Rc1 Nf6 11. a3 Be7 12. e3 O-O 13. Bd3 b6 14. O-O Bb7 15.
b4 a5 16. b5 Nb8 17. Qb3 Nbd7 18. Rfd1 Bd6 19. Rc2 Qe7 20. Bc1 Rac8 21. Bb2 e5
22. Bf5 Rc7 23. Rdc1 e4 24. Nd2 g6 25. Bh3 Rfc8 26. a4 h5 27. Ndb1 Ng4 28. Bxg4
hxg4 29. Ba3 Bb4 30. Bxb4 Qxb4 31. Qa2 Kg7 32. g3 Nf6 33. Ne2 Rxc2 34. Rxc2 Rxc2
35. Qxc2 Nh7 36. Nec3 Ng5 37. Nd2 Bc8 38. Kg2 Nf3 39. Kf1 Nxh2+ 40. Ke2 Be6 41.
Qb3 Qe7 42. Qb2 Qf6 43. Qa3 Qd8 44. Qb2 Nf3 45. Ncxe4 dxe4 46. d5+ f6 47. dxe6
Qd3+ 48. Kd1 Qd6 49. Qc2 f5 50. Qc3+ Kh7 51. Ke2 Qxe6 52. Qc7+ Kh6 53. Qd8 g5
54. Qc7 Ne5 55. Kf1 Kg6 56. Kg2 f4 57. gxf4 gxf4 58. exf4 Nd3 59. Nc4 Nxf4+ 60.
Qxf4 Qxc4 61. Qxg4+ Kf6 62. Qf4+ Ke7 63. Qh6 Qd4 64. Qc6 e3 65. Qc7+ Ke6 66.
Qc8+ Ke7 67. Qc7+ Ke6 68. Qc8+ Ke7 69. Qc7+ 1/2-1/2

[Event "SuperUnited Rapid 2022"]
[Site "Zagreb CRO"]
[Date "2022.07.22"]
[Round "7.4"]
[White "Van Foreest, Jorden"]
[Black "Topalov, Veselin"]
[Result "1-0"]
[WhiteTitle "GM"]
[BlackTitle "GM"]
[WhiteElo "2678"]
[BlackElo "2728"]
[WhiteFideId "1039784"]
[BlackFideId "2900084"]
[EventDate "2022.07.20"]

1. e4 e5 2. Nf3 Nc6 3. Bb5 a6 4. Ba4 Nf6 5. O-O Be7 6. d3 b5 7. Bb3 d6 8. c3 O-O
9. Re1 Na5 10. Bc2 c5 11. Nbd2 Nc6 12. h3 Re8 13. a4 b4 14. Nc4 Be6 15. Bb3 h6
16. Ne3 Rb8 17. Bc4 Qc8 18. Nd5 Bxd5 19. Bxd5 bxc3 20. bxc3 Nxd5 21. exd5 Na5
22. Be3 c4 23. d4 Nb3 24. Rb1 e4 25. Nd2 Nxd2 26. Rxb8 Qxb8 27. Bxd2 f5 28. Qh5
Rf8 29. Bxh6 Qa8 30. Qg6 Bf6 31. f3 Qxd5 32. fxe4 fxe4 33. Rxe4 Qf7 34. Qg4 d5
35. Re6 Kh7 36. Bd2 a5 37. Qf5+ Qg6 38. Qxd5 Rb8 39. Bf4 Rb2 40. Kh2 Rc2 41. Qf3
Qf5 42. Re3 Ra2 43. Be5 Qxf3 44. Rxf3 Bxe5+ 45. dxe5 Kg6 46. Rf4 1-0

[Event "SuperUnited Rapid 2022"]
[Site "Zagreb CRO"]
[Date "2022.07.22"]
[Round "7.5"]
[White "Saric, Ivan"]
[Black "Nepomniachtchi, Ian"]
[Result "1-0"]
[WhiteTitle "GM"]
[BlackTitle "GM"]
[WhiteElo "2680"]
[BlackElo "2766"]
[WhiteFideId "14508150"]
[BlackFideId "4168119"]
[EventDate "2022.07.20"]

1. e4 c5 2. Nf3 d6 3. d4 cxd4 4. Nxd4 Nf6 5. Nc3 a6 6. Be3 e5 7. Nb3 Be6 8. f3
Be7 9. Qd2 Nbd7 10. g4 h6 11. O-O-O b5 12. Kb1 Nb6 13. Qf2 Rb8 14. h4 Na4 15.
Nd5 Bxd5 16. exd5 Nd7 17. Bd3 Qc7 18. g5 Ndb6 19. gxh6 gxh6 20. f4 Nc4 21. Bxc4
bxc4 22. fxe5 cxb3 23. axb3 Nc5 24. Rhf1 Rf8 25. Bxh6 dxe5 26. Bxf8 Bxf8 27. h5
Rb6 28. d6 Rxd6 29. Rxd6 Bxd6 30. h6 e4 31. h7 Be5 32. Qg1 Ne6 33. Qg8+ Nf8 34.
Rf5 Bd4 35. h8=Q Bxh8 36. Qxh8 1-0

[Event "SuperUnited Rapid 2022"]
[Site "Zagreb CRO"]
[Date "2022.07.22"]
[Round "8.1"]
[White "Vachier-Lagrave, Maxime"]
[Black "Nepomniachtchi, Ian"]
[Result "0-1"]
[WhiteTitle "GM"]
[BlackTitle "GM"]
[WhiteElo "2760"]
[BlackElo "2766"]
[WhiteFideId "623539"]
[BlackFideId "4168119"]
[EventDate "2022.07.20"]

1. e4 e5 2. Nf3 Nf6 3. d4 Nxe4 4. dxe5 d5 5. Nbd2 Qd7 6. Nd4 Qe7 7. N2f3 c5 8.
Nb5 Be6 9. Bd3 Qd7 10. O-O a6 11. Nc3 Nxc3 12. bxc3 Nc6 13. Re1 h6 14. Nd2 c4
15. Bf1 Bc5 16. Nf3 Bg4 17. Be3 Bxe3 18. Rxe3 O-O 19. h3 Bxf3 20. Qxf3 Qe6 21.
Rae1 b5 22. h4 Rad8 23. h5 d4 24. cxd4 Nxd4 25. Qe4 f5 26. exf6 Qxf6 27. f3 Kh8
28. Rd1 Nf5 29. Ree1 Qb6+ 30. Kh2 Qb8+ 31. Kg1 Rde8 32. Qc6 Qa7+ 33. Kh2 Ne3 34.
Rd7 Ng4+ 35. Kh3 Nf2+ 36. Kg3 Nh1+ 37. Kh3 Qb8 38. Rxg7 Nf2+ 0-1

[Event "SuperUnited Rapid 2022"]
[Site "Zagreb CRO"]
[Date "2022.07.22"]
[Round "8.2"]
[White "Topalov, Veselin"]
[Black "Saric, Ivan"]
[Result "1-0"]
[WhiteTitle "GM"]
[BlackTitle "GM"]
[WhiteElo "2728"]
[BlackElo "2680"]
[WhiteFideId "2900084"]
[BlackFideId "14508150"]
[EventDate "2022.07.20"]

1. e4 c5 2. Nf3 d6 3. d4 cxd4 4. Nxd4 Nf6 5. Nc3 a6 6. Be3 e5 7. Nf3 Be7 8. Bc4
Be6 9. Bxe6 fxe6 10. Ng5 Qd7 11. Qf3 d5 12. O-O-O d4 13. Bxd4 exd4 14. e5 O-O
15. Qh3 h6 16. exf6 Rxf6 17. Nge4 Rf5 18. Ne2 Nc6 19. Kb1 Rd8 20. c3 Qd5 21. f3
Qb5 22. Rhe1 Ba3 23. b3 d3 24. N2g3 d2 25. Re3 Qe5 26. Nf1 Rh5 27. Qg3 Qf5 28.
Qc7 Qg6 29. Qxb7 Na5 30. Qxa6 Qxg2 31. Qxe6+ Kh8 32. Kc2 Bc1 33. Qg4 Rxh2 34.
Nxh2 Qxh2 35. f4 Nc6 36. Rh3 1-0

[Event "SuperUnited Rapid 2022"]
[Site "Zagreb CRO"]
[Date "2022.07.22"]
[Round "8.4"]
[White "Firouzja, Alireza"]
[Black "So, Wesley"]
[Result "1/2-1/2"]
[WhiteTitle "GM"]
[BlackTitle "GM"]
[WhiteElo "2793"]
[BlackElo "2773"]
[WhiteFideId "12573981"]
[BlackFideId "5202213"]
[EventDate "2022.07.20"]

1. e4 e5 2. Nf3 Nc6 3. Bb5 Nf6 4. O-O Nxe4 5. Re1 Nd6 6. Nxe5 Be7 7. Bf1 Nxe5 8.
Rxe5 O-O 9. d4 Bf6 10. Re1 Re8 11. Bf4 Rxe1 12. Qxe1 Ne8 13. c3 d5 14. Nd2 c6
15. Bd3 g6 16. Nf3 Ng7 17. Bh6 Nf5 18. Bxf5 Bxf5 19. Qd2 Qd7 20. Ne5 Qd6 21. Qf4
Be7 22. g4 Be6 23. Re1 Re8 24. Qf3 f6 25. Nd3 b6 26. h3 Qd7 27. Re3 Bd8 28. Qe2
Bf7 29. Rxe8+ Qxe8 30. Qxe8+ Bxe8 31. Bf4 h5 32. f3 hxg4 33. hxg4 g5 34. Bb8 a5
35. Kf2 Bg6 36. Ke3 Kf7 37. f4 gxf4+ 38. Bxf4 Ke6 39. Bg3 Kd7 40. Bh4 Be7 41. a3
a4 42. Nf4 Bc2 43. Kd2 Bb1 44. Ke3 Ke8 45. Nh3 Bd8 46. Nf4 Kf7 47. Nd3 Bxd3 48.
Kxd3 Be7 49. Bg3 Kg6 50. Ke2 Kg5 51. Kf3 Bf8 52. Bc7 b5 53. Bf4+ Kg6 54. Be3 Be7
55. Bf4 c5 56. dxc5 Bxc5 57. Be3 Bd6 58. Bd2 Kf7 59. Be3 Ke6 60. Ke2 Bc7 61. Kf3
Be5 62. Ke2 Bg3 63. Kf3 Bh4 64. Bf4 Kd7 65. Be3 Kd6 66. Ke2 Ke5 67. Kf3 Kd6 68.
Ke2 Bg3 69. Kf3 Be5 70. Ke2 Ke6 71. Kf3 Kd6 72. Ke2 Ke6 73. Kf3 Kd6 1/2-1/2

[Event "SuperUnited Rapid 2022"]
[Site "Zagreb CRO"]
[Date "2022.07.22"]
[Round "8.5"]
[White "Mamedyarov, Shakhriyar"]
[Black "Dominguez Perez, Leinier"]
[Result "1/2-1/2"]
[WhiteTitle "GM"]
[BlackTitle "GM"]
[WhiteElo "2759"]
[BlackElo "2754"]
[WhiteFideId "13401319"]
[BlackFideId "3503240"]
[EventDate "2022.07.20"]

1. d4 d5 2. c4 dxc4 3. e4 e5 4. Nf3 Bb4+ 5. Nc3 Nf6 6. Bxc4 exd4 7. Nxd4 O-O 8.
O-O Bxc3 9. bxc3 Nxe4 10. Bd3 Nf6 11. Ba3 Re8 12. Re1 Bd7 13. Qb3 Nc6 14. Qxb7
Nxd4 15. cxd4 Be6 16. Bc5 h6 17. a3 Bd5 18. Rxe8+ Nxe8 19. Qa6 Nd6 20. Bxd6 Qxd6
21. Qxd6 cxd6 22. Rb1 Rc8 23. f3 g6 24. Rb5 Bc4 25. Bxc4 Rxc4 26. Rd5 Ra4 27.
Rxd6 Rxa3 28. d5 Rd3 29. Ra6 Rxd5 30. Rxa7 Rd1+ 31. Kf2 Rd2+ 32. Kg1 Rd1+ 33.
Kf2 Rd2+ 34. Kg1 1/2-1/2

[Event "SuperUnited Rapid 2022"]
[Site "Zagreb CRO"]
[Date "2022.07.22"]
[Round "9.1"]
[White "Dominguez Perez, Leinier"]
[Black "Vachier-Lagrave, Maxime"]
[Result "1/2-1/2"]
[WhiteTitle "GM"]
[BlackTitle "GM"]
[WhiteElo "2754"]
[BlackElo "2760"]
[WhiteFideId "3503240"]
[BlackFideId "623539"]
[EventDate "2022.07.20"]

1. e4 c5 2. Nf3 d6 3. d4 cxd4 4. Nxd4 Nf6 5. Nc3 a6 6. Be3 e5 7. Nf3 Be7 8. Bc4
Be6 9. Bb3 Nbd7 10. O-O Rc8 11. Qd3 Qc7 12. a4 Bc4 13. Bxc4 Qxc4 14. Qxc4 Rxc4
15. Nd2 Rc6 16. a5 O-O 17. f3 Rfc8 18. Rfd1 Bd8 19. Bf2 Kf8 20. Nf1 b5 21. axb6
Bxb6 22. Bxb6 Rxb6 23. Na4 Rbc6 24. Ne3 Rb8 25. b3 g6 26. Nb2 Nc5 27. Nbc4 Ke7
28. Ra3 Ne6 29. Ra5 Rb5 30. Ra2 Nc7 31. Na5 Rcc5 32. Rda1 Ne6 33. Nac4 Nc7 34.
Na5 Rb8 35. c4 Ne6 36. Nc2 Rcc8 37. b4 Nd7 38. Ne3 Nf6 39. Nc2 Nd7 40. Ne3 Nf6 1/2-1/2

[Event "SuperUnited Rapid 2022"]
[Site "Zagreb CRO"]
[Date "2022.07.22"]
[Round "9.2"]
[White "So, Wesley"]
[Black "Mamedyarov, Shakhriyar"]
[Result "1/2-1/2"]
[WhiteTitle "GM"]
[BlackTitle "GM"]
[WhiteElo "2773"]
[BlackElo "2759"]
[WhiteFideId "5202213"]
[BlackFideId "13401319"]
[EventDate "2022.07.20"]

1. e4 e5 2. Nf3 Nc6 3. Bc4 Bc5 4. O-O Nf6 5. d3 O-O 6. Re1 Ng4 7. Re2 Kh8 8. h3
f5 9. Bg5 Nf6 10. Nc3 d6 11. exf5 Bxf5 12. Na4 Bb6 13. Nxb6 axb6 14. d4 h6 15.
dxe5 dxe5 16. Bh4 e4 17. Nh2 Qe8 18. Qe1 Qg6 19. Re3 Nd4 20. Rc1 Ra4 21. Bb3
Nf3+ 22. Nxf3 exf3 23. Bg3 Re4 24. gxf3 Rh4 25. Be6 Rxh3 26. Bxf5 Qxf5 27. Rd1
Rh5 28. Re5 Qxf3 29. Rxh5 Qxh5 30. Bxc7 Ne4 31. Rd8 Qg5+ 32. Kh2 Qh5+ 33. Kg1
Qg6+ 34. Kh1 Rxd8 35. Bxd8 Qc6 36. f3 Ng5 37. Bxg5 Qxf3+ 38. Kh2 hxg5 39. Qe7
Qc6 40. Qxg5 Qh6+ 41. Qxh6+ gxh6 42. c4 Kg7 43. Kg3 Kf6 44. Kg4 Ke5 45. Kh5 Kd4
46. Kxh6 Kxc4 47. Kg5 Kd3 48. Kf5 Kc2 49. Ke4 Kxb2 50. Kd4 Ka3 51. Kc4 Ka4 52.
Kc3 b5 53. Kd4 Ka3 54. Kc5 b4 55. Kc4 Ka4 56. Kc5 Ka5 57. Kc4 b6 58. Kd5 Kb5 59.
Kd6 Ka5 60. Kc6 Ka6 61. Kd6 Kb5 62. Kd5 Ka4 63. Kc6 Ka3 64. Kb5 b3 65. axb3 Kxb3
66. Kxb6 1/2-1/2

[Event "SuperUnited Rapid 2022"]
[Site "Zagreb CRO"]
[Date "2022.07.22"]
[Round "9.3"]
[White "Van Foreest, Jorden"]
[Black "Firouzja, Alireza"]
[Result "1-0"]
[WhiteTitle "GM"]
[BlackTitle "GM"]
[WhiteElo "2678"]
[BlackElo "2793"]
[WhiteFideId "1039784"]
[BlackFideId "12573981"]
[EventDate "2022.07.20"]

1. e4 e5 2. Nf3 Nc6 3. Bb5 Nf6 4. O-O Nxe4 5. Re1 Nd6 6. Nxe5 Be7 7. Bf1 Nxe5 8.
Rxe5 O-O 9. d4 Bf6 10. Re1 Re8 11. Nc3 Rxe1 12. Qxe1 Bxd4 13. Bd3 Bxc3 14. Qxc3
Ne8 15. b3 d6 16. Bb2 Be6 17. Qb4 Bd5 18. Qf4 Nf6 19. Re1 Be6 20. Re3 Kf8 21. c4
Nh5 22. Qf3 Nf6 23. Qxb7 Ng4 24. Rg3 Rb8 25. Qe4 Qg5 26. Qxh7 Ke7 27. Qxg7 Qd2
28. Rf3 Qe1+ 29. Bf1 Nxh2 30. Kxh2 Qxf1 31. c5 Qd1 32. c6 1-0

[Event "SuperUnited Rapid 2022"]
[Site "Zagreb CRO"]
[Date "2022.07.22"]
[Round "9.4"]
[White "Saric, Ivan"]
[Black "Carlsen, Magnus"]
[Result "0-1"]
[WhiteTitle "GM"]
[BlackTitle "GM"]
[WhiteElo "2680"]
[BlackElo "2864"]
[WhiteFideId "14508150"]
[BlackFideId "1503014"]
[EventDate "2022.07.20"]

1. e4 c5 2. Nf3 e6 3. d4 cxd4 4. Nxd4 a6 5. Bd3 Bc5 6. Nb3 Ba7 7. Qe2 Ne7 8. Be3
O-O 9. Bxa7 Rxa7 10. Qe3 Nbc6 11. Nc3 b5 12. O-O-O Rc7 13. Kb1 Ne5 14. f4 Nxd3
15. Rxd3 Bb7 16. Rhd1 Qc8 17. g4 d5 18. e5 b4 19. Na4 Rxc2 20. h4 d4 21. Qxd4
Rg2 22. Nbc5 Bd5 23. f5 Qc7 24. Qf4 a5 25. h5 h6 26. f6 gxf6 27. Qxh6 Rxg4 28.
Qxf6 Kh7 29. Rc1 Ng8 30. Qf2 Qc6 31. Rg3 Rxg3 32. Qxg3 Nh6 33. Qd3+ Nf5 34. Rg1
Rg8 35. Rxg8 Kxg8 36. Qd2 Kh7 37. b3 Qc7 38. Qe2 Qd8 39. Nb2 Qg5 40. Nd7 Ng3 41.
Qf2 Be4+ 0-1